Welcome to CU Library Online Public Access Catalogue (OPAC)

Constitutionalism in the emergent states, (Record no. 503)

MARC details
000 -LEADER
fixed length control field 00718cam a2200217 4500
001 - CONTROL NUMBER
control field 1256737
005 - DATE AND TIME OF LATEST TRANSACTION
control field 20241101101154.0
008 - FIXED-LENGTH DATA ELEMENTS--GENERAL INFORMATION
fixed length control field 731030s1973 enk b 001 0 eng
020 ## - INTERNATIONAL STANDARD BOOK NUMBER
International Standard Book Number 9780905838014
050 00 - LIBRARY OF CONGRESS CALL NUMBER
Classification number K3165
Item number .N83 1973
082 00 - DEWEY DECIMAL CLASSIFICATION NUMBER
Classification number 321.8/09172/4
100 1# - MAIN ENTRY--PERSONAL NAME
Personal name Nwabueze, B. O.
Fuller form of name (Benjamin Obi)
245 10 - TITLE STATEMENT
Title Constitutionalism in the emergent states,
Statement of responsibility, etc. by B. O. Nwabueze; with a foreword by S. A. De Smith.
260 ## - PUBLICATION, DISTRIBUTION, ETC.
Place of publication, distribution, etc. London,
Name of publisher, distributor, etc. C. Hurst,
Date of publication, distribution, etc. c1973.
300 ## - PHYSICAL DESCRIPTION
Extent xii, 316 pages.
Dimensions 23 cm.
500 ## - GENERAL NOTE
General note Includes index
650 #0 - SUBJECT ADDED ENTRY--TOPICAL TERM
Topical term or geographic name entry element Constitutional law
Geographic subdivision Developing countries.
650 #0 - SUBJECT ADDED ENTRY--TOPICAL TERM
Topical term or geographic name entry element Newly independent states
General subdivision Politics and government.
650 #0 - SUBJECT ADDED ENTRY--TOPICAL TERM
Topical term or geographic name entry element Constitutional law
Geographic subdivision Nigeria.
942 ## - ADDED ENTRY ELEMENTS (KOHA)
Source of classification or shelving scheme Library of Congress Classification
Koha item type Books
Suppress in OPAC No
999 ## -
-- 503
-- 503
Holdings
Withdrawn status Lost status Source of classification or shelving scheme Damaged status Not for loan Collection Home library Current library Shelving location Date acquired Total checkouts Full call number Barcode Date last seen Copy number Price effective from Koha item type
    Library of Congress Classification     Non-fiction Law Library (Miotso) Law Library (Miotso) General stacks 11/01/2024   K3165.N832 NWA LLM00000474 11/01/2024 1 11/01/2024 Books
© 2023-2024 Copyright: Central University Libraries. All Rights Reserved | Created by: Mahone Tech Office